Obstetricia y neonatología : (Registro nro. 38041)
[ vista simple ]
| 000 -LEADER | |
|---|---|
| fixed length control field | 01343cam a2200337 i 4500 |
| 001 - CONTROL NUMBER | |
| control field | 38041 |
| 003 - CONTROL NUMBER IDENTIFIER | |
| control field | Mx-PuUPA |
| 005 - DATE AND TIME OF LATEST TRANSACTION | |
| control field | 20240410103801.0 |
| 008 - FIXED-LENGTH DATA ELEMENTS--GENERAL INFORMATION | |
| fixed length control field | 140415s2000 mx a r 000 0 spa d |
| 020 ## - INTERNATIONAL STANDARD BOOK NUMBER | |
| International Standard Book Number | 9701021908 |
| 040 ## - CATALOGING SOURCE | |
| Original cataloging agency | Mx-PuUPA |
| Language of cataloging | spa |
| Transcribing agency | Mx-PuUPA |
| Modifying agency | Mx-PuUPA |
| Description conventions | rda |
| 041 1# - LANGUAGE CODE | |
| Language code of text/sound track or separate title | spa |
| Language code of original | eng |
| 100 1# - MAIN ENTRY--PERSONAL NAME | |
| Personal name | Beischer, Norman A., |
| Relator term | autor |
| 240 10 - UNIFORM TITLE | |
| Uniform title | Obstetrics and the newborn. an illustrated textbook. |
| Language of a work | Español |
| 245 10 - TITLE STATEMENT | |
| Title | Obstetricia y neonatología : |
| Remainder of title | texto ilustrado / |
| Statement of responsibility, etc. | Norman A. Beischer, Eric V. Mackay, Paul Colditz ; traducción, Santiago Sapiña Renard |
| 250 ## - EDITION STATEMENT | |
| Edition statement | Primera edición |
| 264 #1 - PRODUCTION, PUBLICATION, DISTRIBUTION, MANUFACTURE, AND COPYRIGHT NOTICE | |
| Place of production, publication, distribution, manufacture | México, D.F. : |
| Name of producer, publisher, distributor, manufacturer | McGraw-Hill Interamericana Editores, |
| Date of production, publication, distribution, manufacture, or copyright notice | ©2000 |
| 300 ## - PHYSICAL DESCRIPTION | |
| Extent | xii, 855 páginas : |
| Other physical details | ilustraciones (a color) ; |
| Dimensions | 28 cm |
| 336 ## - CONTENT TYPE | |
| Fuente | rdacontent |
| Content type term | texto |
| Content type code | txt |
| 337 ## - MEDIA TYPE | |
| Source | rdamedia |
| Media type term | sin medio |
| Media type code | n |
| 338 ## - CARRIER TYPE | |
| Source | rdacarrier |
| Carrier type term | volumen |
| Carrier type code | nc |
| 650 #4 - SUBJECT ADDED ENTRY--TOPICAL TERM | |
| Topical term or geographic name entry element | Neonatología |
| 650 #4 - SUBJECT ADDED ENTRY--TOPICAL TERM | |
| Topical term or geographic name entry element | Obstetricia |
| 700 1# - ADDED ENTRY--PERSONAL NAME | |
| Personal name | Mackay, Eric V., |
| Relator term | autor |
| 700 1# - ADDED ENTRY--PERSONAL NAME | |
| Personal name | Colditz, Paul, |
| Relator term | autor |
| 700 1# - ADDED ENTRY--PERSONAL NAME | |
| Personal name | Sapina Renard, Santiago, |
| Relator term | traductor |
| 765 08 - ORIGINAL LANGUAGE ENTRY | |
| Main entry heading | Beischer, Norman A., |
| Place, publisher, and date of publication | [Lugar de publicación no identificado] : W.B. Saunders Company Ltd.,©1997 |
| Title | Obstetrics and the newborn. an illustrated textbook. |
| International Standard Book Number | 0702021237 |
| 942 ## - ADDED ENTRY ELEMENTS (KOHA) | |
| Source of classification or shelving scheme | Dewey Decimal Classification |
| Koha item type | Libro |
| Classification part | 618.2 |
| Item part | B422 |
| Withdrawn status | Lost status | Source of classification or shelving scheme | Damaged status | Not for loan | Home library | Current library | Shelving location | Date acquired | Source of acquisition | Total Checkouts | Full call number | Barcode | Price effective from | Koha item type | Collection code | Date last seen | Date last checked out |
|---|---|---|---|---|---|---|---|---|---|---|---|---|---|---|---|---|---|
| Extraviado | Dewey Decimal Classification | Biblioteca Karol Wojtyla | Biblioteca Karol Wojtyla | 03/12/2013 | Compra | 618.2 BEI | 57191 | 03/12/2013 | Libro | ||||||||
| Extraviado | Dewey Decimal Classification | Biblioteca Karol Wojtyla | Biblioteca Karol Wojtyla | 03/12/2013 | Compra | 618.2 BEI | 57190 | 03/12/2013 | Libro | ||||||||
| Extraviado | Dewey Decimal Classification | Biblioteca Karol Wojtyla | Biblioteca Karol Wojtyla | 03/12/2013 | Compra | 618.2 BEI | 57193 | 03/12/2013 | Libro | ||||||||
| Extraviado | Dewey Decimal Classification | Biblioteca Karol Wojtyla | Biblioteca Karol Wojtyla | 03/12/2013 | Compra | 618.2 BEI | 57194 | 03/12/2013 | Libro | ||||||||
| Extraviado | Dewey Decimal Classification | Biblioteca Karol Wojtyla | Biblioteca Karol Wojtyla | 03/12/2013 | Compra | 618.2 BEI | 57192 | 03/12/2013 | Libro | ||||||||
| Extraviado | Dewey Decimal Classification | Biblioteca Karol Wojtyla | Biblioteca Karol Wojtyla | 03/12/2013 | Compra | 618.2 BEI | 66985 | 03/12/2013 | Libro | ||||||||
| Dewey Decimal Classification | Biblioteca Karol Wojtyla | Biblioteca Karol Wojtyla | Sala general | 03/12/2013 | Compra | 3 | 618.2 B422 2000 | 57188 | 03/12/2013 | Libro | General | 05/01/2026 | 30/08/2023 | ||||
| Extraviado | Dewey Decimal Classification | Biblioteca Karol Wojtyla | Biblioteca Karol Wojtyla | 03/12/2013 | Compra | 618.2 BEI | 57189 | 03/12/2013 | Libro |